| 000 | 00648nam a2200229Ia 4500 | ||
|---|---|---|---|
| 003 | OSt | ||
| 005 | 20220928101756.0 | ||
| 006 | a|||||r|||| 00| 0 | ||
| 007 | ta | ||
| 008 | 220927b |||||||| |||| 00| 0 eng d | ||
| 024 | _a50845 | ||
| 037 | _cAnnuals, Advances | ||
| 040 |
_aSDCL _cSDCL _beng |
||
| 041 |
_2eng _aeng |
||
| 082 | _aO33,2N38,3, P4 | ||
| 100 |
_aKarnad Girish _9395040 |
||
| 245 | 0 |
_aDreams of tipu sultan bali _bThe sacrifice. |
|
| 260 |
_aNew Delhi _bOxford University Press _c2004 |
||
| 300 |
_a125p. _ccm. |
||
| 942 |
_hO33,2N38,3, P4 _cREF _2CC |
||
| 999 |
_c710661 _d710661 |
||